=LDR 00000nam 2200000 4500 =001 INLIS000000000055836 =005 20200728110709 =035 ##$$a 0010-0720000140 =007 ta =008 200728###########################0#eng## =082 ##$$a 641.509 45 =084 ##$$a 641.509 45 Bro t =245 1#$$a The Cooking of Scandinavia /$c Brown Dale =300 ##$$a 206 halaman : $b Ilustrasi ; $c 24 Cm. =500 ##$$a Indeks : halaman 198 - 206 =650 #4$$a Masakan Seandinavia =264 ##$$a Nederland :$b Time-Life International,$c 1974 =336 ##$$a teks$2 rdacontent =337 ##$$a lain-lain$2 rdamedia =338 ##$$a lain-lain$2 rdacarrier =990 ##$$a 26952695